| 000 | 004700000a22001930004500 | ||
|---|---|---|---|
| 003 | LK-CoMWRAF | ||
| 005 | 20231018120703.0 | ||
| 008 | 230817t ||||| |||| 00| 0 eng d | ||
| 020 | _a8171677371 | ||
| 040 |
_aLK-CoMWRAF _dLK-CoMWRAF _eLK-CoMWRAF |
||
| 041 | _aeng | ||
| 082 |
_a891.44 _bTAG |
||
| 100 | _aTagore, Rabindranath | ||
| 245 | _aMan | ||
| 260 |
_aNew Delhi (India) : _bRupa & Company, _c2002 |
||
| 300 | _a75p | ||
| 650 | _aBengali poetry | ||
| 942 | _cBK | ||
| 999 |
_c1400 _d1400 |
||